000
00261nam a2200121Ia 4500
008
190216s9999||||xx |||||||||||||| ||und||
100
_a
Osho
245
0
_a
Jeevitham Premam Pottichiri
260
_b
Silence
300
_a
319
650
_a
Lekhanam
942
_c
BK
999
_c
29384
_d
29384